000 05223nab a2200421 i 4500
003 BR-BrBNA
005 20240610134224.0
008 240610b2015 bl.qr|pooa||| 00| 0 por |
040 _aBR-BrBNA
_bpor
072 _aS01
072 _aF70
100 _aPereira, J.B.A.
100 _aRodrigues, M.M.
100 _aMorais, I.R.
100 _aVieira, C.R.S.
100 _aSampaio, J.P.M.
100 _aMoura, M.G.
100 _aDamasceno, M.F.M.
100 _aSilva, J.N.
100 _aCalou, I.B.F.
100 _aDeus, F.A.
100 _aPeron, A.P.
100 _aAbreu, M.C.
100 _aMilitão, G.C.G.
100 _aFerreira, P.M.P.
245 _aO papel terapêutico do Programa Farmácia Viva e das plantas medicinais no centro-sul piauiense
500 _aPublicação on-line; Bibliography p. 559-561 (52 ref.); 1 table; 7 illus.; Summaries (En, Pt)
520 _a RESUMO: Este trabalho realizou um levantamento sobre o uso de plantas medicinais na cidade de Picos-PI, identificou as plantas cultivadas no horto pertencente ao Laboratório Fitoterápico de Picos (LAFIPI), e analisou o uso de fitoterápicos dispensados pelo Programa Farmácia Viva no triênio 2008-2010. Do total dos 750 entrevistados, 37,6% foram homens e 62,4 % mulheres, dentre os quais a maioria não concluiu o segundo grau (69,2%) e 77,2% possuíam renda mensal de até dois salários mínimos. Com relação ao consumo de plantas medicinais, 76,3% afirmaram utilizá-las para tratar doenças, principalmente por considerá-las mais saudáveis (84,8%). A indicação do uso foi orientada, sobretudo, por familiares (82,2%), embora a maioria adquira as plantas em feiras livres (32,8%). Das 127 plantas relatadas, as mais citadas foram erva-cidreira, boldo e hortelã, sendo as folhas a parte mais utilizada (42,3%), predominantemente por infusão (39,4%). As aplicações mais lembradas foram para tratar dores em geral (17%), distúrbios respiratórios (16,5%) e digestivos (16%). As espécies mais cultivadas no horto são chambá (Justicia pectoralis), alecrim pimenta (Lippia sidoides), malva santa (Plectranthus barbatus) e erva cidreira (Lippia alba). O lambedor de chambá foi o fitoterápico mais procurado pela população entre 2008 e 2010. Esse estudo descreveu, pela primeira vez, o uso tradicional de plantas medicinais no município de Picos e demonstrou, também de forma inédita, a relevância de investimentos do Programa Farmácia Viva no município de Picos e sua inclusão no Programa Saúde da Família como forma de disponibilizar à população de baixa renda fitoterápicos produzidos localmente a custos reduzidos. Palavras-chave: etnobotânica, uso popular, fitoterapia, toxicidade, Nordeste do Brasil
520 _a ABSTRACT: The therapeutic role of the Program Farmacia Viva and the medicinal plants in the center-south of Piauí. This study performed a research about the use of medicinal plants in Picos city, identifying the plants grown in the garden belonging to the Laboratory of Phytotherapics in Picos (LAFIPI) and analying the use of phytotherapics distributed by the Farmácia Viva Project between 2008-2010. From the total of 750 interviewed participants, 37.6% were men and 62.4 % women. Most of them do not have secondary education (69.2%) and 77.2% had an income of up until two minimum wages. Regarding consumption of medicinal plants, 76.3 % used them to treat diseases, mainly because they considered them to be healthier (84.8%). The indication of use of the plants was mainly suggested by relatives (82.2%), even though the majority of the participants acquires plants in open markets (32.8%). From the 127 plants mentioned, the most cited ones were balm, boldo and mint, and leaves were the most utilized parts (42.3%), predominantly by infusion (39.4%). The most common reasons for the usewere to treat pain in general (17%), and respiratory (16.5%) and digestive disorders (16%). The most cultivated species in the garden were chambá (Justicia pectoralis), alecrim pimenta (Lippia sidoides), malva santa (Plectranthus barbatus) and erva cidreira (Lippia alba). The “chambá licker” was the most herbal medicine searched by the population between 2008 and 2010. This investigation described, for the first time, the traditional use of medicinal plants in Picos and demonstrated,alsounprecedentedly, the relevance of investments in the Farmácia Viva Project in Picos city and its inclusion in the Family Health Program as a strategyin order to provide locally producedphytotherapics for low-income population at low costs. Keywords: ethonobotany, folk use, phytotherapy, toxicity, Brazilian Northeast.
650 _aETNOBOTÂNICA
650 _aFITOTERAPIA
650 _aTOXIDEZ
650 _aNORDESTE
773 0 _03543
_9315781
_dBotucatu-SP Instituto de Biociências - Departamento de Química e Bioquímica 1998
_o2024-2143
_tRevista Brasileira de Plantas Medicinais (Brazil)
_x1516-0572
_gv. 17(4) p. 550-561; (2015)
_wBR2024001379
856 _uhttps://www.scielo.br/j/rbpm/a/fVvDxgMxXMdQHPs44wqWNYH/?format=pdf&lang=pt
942 _cAnalítica
999 _c299983
_d299983